000 00587nam a2200169 i 4500
001 61949
003 ES-MaACL
007 t|
008 031114s1922 fr ||||1| fre d
100 1 _aFebvre, Lucien,
_d1878-1956
_949047
245 1 3 _aLa terre et l'evolution humaine
_b: introduction géographique a l'histoire /
_cpar Lucien Febvre ; avec le coneours de Lionel Bataillon.
260 _aParis :
_b[s.n.,
_c1922] (
_eCorbeil :
_fCrété)
300 _aXXVI, 471 p. ;
_c21 cm.
700 1 _aBataillon, Lionel.
_926394
852 _aES-MaACL
_jB-3108
999 _c61949
_d61949